Ciudad de Rosario destino urbanistico de los terrenos del ex Molino Yerbatero Martin : (Registro nro. 12350)

Detalles MARC
000 -LEADER
longitud fija campo de control 02776nam a22006377a 4500
003 - IDENTIFICADOR DE NUMERO DE CONTROL
control del campo AR-RoUNA
005 - FECHA DE LA ULTIMA MODIFICACION
control del campo 20260303084802.0
008 - CAMPO DE CONTROL - LIBROS
longitud fija campo de control 260302b |||||||| |||| 00| 0 spa d
040 ## - ORIGEN DE LA CATALOGACION
Agencia que cataloga la obra original AR-RoUNA
Idioma en que se cataloga spa
Entidad que modifico el registro AR-RoUNA
041 ## - CODIGO DE IDIOMA
Codigo de idioma del texto / sonido o titulo separado spa
Codigo de idioma de la traduccion original y / o intermedios de texto spa
044 ## - CODIGO DE PAIS / ENTIDAD PRODUCTORA
Codigo MARC del pais ag
110 ## - ASIENTO PRINCIPAL - AUTOR INSTITUCIONAL
Nombre corporativo o de jurisdiccion como elemento de entrada Centro de Arquitectos de Rosario
9 (RLIN) 8386
245 10 - TITULO PROPIAMENTE DICHO
Titulo Ciudad de Rosario destino urbanistico de los terrenos del ex Molino Yerbatero Martin :
Subtitulo confrontacion de ideas y debates /
Mencion de responsabilidad, etc Centro de Arquitectos de Rosario
260 ## - EDITORIAL - PUBLICACION, DISTRIBUCION, ETC. (Pie de imprenta)
Lugar de publicacion, distribucion, etc Rosario, Santa , Argentina :
Nombre del editor, distribuidor, etc Centro de Arquitectos de Rosario,
Fecha de publicacion 198?
300 ## - DESCRIPCION FISICA
Extension 35 p.
Otros detalles fisicos fot. byn.,
-- planos,
Dimensiones 35x23 cm
500 ## - NOTA GENERAL
Nota general Mat. Bibl. extraido: Biblioteca Personal Arq. Adrian Caballero / Caja Nº19
505 0# - NOTA DE CONTENIDO CON FORMATO
Título INDICE
505 0# - NOTA DE CONTENIDO CON FORMATO
Título 1. Introduccion y Consideraciones Generales p.4
505 0# - NOTA DE CONTENIDO CON FORMATO
Título principal 1.1 Presentacion p.4
505 0# - NOTA DE CONTENIDO CON FORMATO
Título principal 1.2 Fundamentacion p.4
505 0# - NOTA DE CONTENIDO CON FORMATO
Título principal 1.3 Objetivos particulares de la confrontacion p.5
505 0# - NOTA DE CONTENIDO CON FORMATO
Título principal 1.4 Parametros de la propuesta p.6
505 0# - NOTA DE CONTENIDO CON FORMATO
Título principal 1.5 Consideraciones particulares del sitio p.7
505 0# - NOTA DE CONTENIDO CON FORMATO
Título 2. Informacion y Documentacion Grafica p.11
505 0# - NOTA DE CONTENIDO CON FORMATO
Título principal 2.1 Reglamentacion Municipal p.11
505 0# - NOTA DE CONTENIDO CON FORMATO
Título principal 2.2 Notas historicas del sector p.20
505 0# - NOTA DE CONTENIDO CON FORMATO
Título principal 2.3 Documentacion fotografica p.24
505 0# - NOTA DE CONTENIDO CON FORMATO
Título principal 2.4 Planos de ubicacion y relevamiento planimetrico p.29
505 0# - NOTA DE CONTENIDO CON FORMATO
Título principal 2.5 Axonometria del entorno p.31
505 0# - NOTA DE CONTENIDO CON FORMATO
Título principal 2.6 Plano catastral del terreno p.32
505 0# - NOTA DE CONTENIDO CON FORMATO
Título 3. Reglamento y Modelo dela Confrontacion p.33
505 0# - NOTA DE CONTENIDO CON FORMATO
Título principal 3.1 Aspectos generales p.33
505 0# - NOTA DE CONTENIDO CON FORMATO
Título principal 3.2 Presentacion delas propuestas p.34
505 0# - NOTA DE CONTENIDO CON FORMATO
Título principal 3.3 Publicacion de los trabajos y conclusiones p.35
520 3# - NOTA DE RESUMEN
Nota de resumen, etc. Este documento institucional con alto valor valor historico-local, fue producido en contexto de debates profesionales, articulando discurso tecnico, legitimacion institucional y memoria urbana.<br/>El C.A.R (Centro de Arquitectos de Rosario); agredece la coloboracion del Arq. Oscar Mongsfeld en documentacion historica y planimetria.
600 14 - MATERIA - NOMBRES PERSONALES
Nombre personal Behar, Roberto
9 (RLIN) 19517
600 14 - MATERIA - NOMBRES PERSONALES
Nombre personal Caballero, Adrian
9 (RLIN) 3312
600 14 - MATERIA - NOMBRES PERSONALES
Nombre personal Monzon, Jackie
9 (RLIN) 27619
600 14 - MATERIA - NOMBRES PERSONALES
Nombre personal Pampinella, Silvia
9 (RLIN) 3410
600 14 - MATERIA - NOMBRES PERSONALES
Nombre personal Quiroga, Horacio
9 (RLIN) 8408
600 14 - MATERIA - NOMBRES PERSONALES
Nombre personal Rodriguez, Ana Maria
9 (RLIN) 3954
600 14 - MATERIA - NOMBRES PERSONALES
Nombre personal Sarrabayrouse, Juan Carlos
9 (RLIN) 8668
600 14 - MATERIA - NOMBRES PERSONALES
Nombre personal Viotti, Juan Carlos
9 (RLIN) 6370
650 #4 - MATERIA - TERMINO TEMATICO
Término temático general Planificacion urbana
650 #4 - MATERIA - TERMINO TEMATICO
Término temático general Urbanismo
650 #4 - MATERIA - TERMINO TEMATICO
Término temático general Debates profesionales
650 #4 - MATERIA - TERMINO TEMATICO
Término temático general Patrimonio industrial
651 #4 - MATERIA - NOMBRE GEOGRAFICO
Termino geografico Rasario, Santa Fe, Argentina
9 (RLIN) 27618
653 ## - MATERIA - PALABRAS CLAVES
Palabras claves Ordenanza: Nº 2966
653 ## - MATERIA - PALABRAS CLAVES
Palabras claves Yerbatera Marin y Cia
908 ## - SOPORTE
Soporte Imp
930 ## - ACCESION
Numero de accesion (NR) 12291
942 ## - FUENTE DE CLASIFICACION
Clasificacion Universal Decimal Classification
Tipo de item Libro
945 ## - INFORMACION DE PROCESAMIENTO
Fecha de ingreso o modificacion 2026-03-02
Codigo del operador MIA
980 ## - DECLARACIÓN DE EQUIVALENCIA O SERIE DE REFERENCIA CRUZADA - NOMBRE / TÍTULO PERSONAL [LOCAL, CANADÁ]
Código del operador 1
Nombre del operador Maricel Allasia
Código del operador que modifico el registro 1
Nombre del operador que modifico el registro Maricel Allasia
Existencias
Estado retiro Estado perdido Sistema de clasificacion Estado general Restricciones de uso Biblioteca de origen Ubicacion actual Localizacion en estante Fecha de adquisicion Fuente de adquisicion Prestamos totales Signatura y librística Proveedor Numero de ejemplar Tipo de elemento KOHA Nota no publica
Disponible Disponible cdu No dañado Ningun uso de restricciones Arq. Hilarión H. Larguia Arq. Hilarión H. Larguia Dir 02/03/2026 Don   711.2 (821.6.17) C397 18439 ej. 1 Libro